00969cam a22002771a 4500001001300000003000400013005001700017008004100034010001700075035001900092040004400111042001200155043001200167050002100179070002000200072000900220082001200229100003500241245007600276260013900352300003900491440004700530504003500577650003200612700004700644agr51000390 DLC20260227111015.0800407s1951 dcuab b f000 0 eng c aagr51000390  a(OCoLC)6173627 aU.S. Dept. of Agr. Libr.cWUdDNALdDLC apremarc an-us---00aS21b.A74 no. 300 a1bAg84Ab no.300 aA000 a630.9731 aRaper, Arthur Franklin,d1899-10aGuide to agriculture, U.S.A. /cby Arthur F. Raper and Martha J. Raper. aWashington, D.C. :bOffice of Foreign Agricultural Relations and Bureau of Agricultural Economics, U.S. Dept. of Agriculture,c[1951]. aiii, 82 p. :bill., maps ;c26 cm. 0aAgriculture information bulletin ;vno. 30 a"Selected references" : p. 79. 0aAgriculturezUnited States.1 aRaper, Martha J.q(Martha Jarrell),d1905-